[Event "Sevastopol Waltz Rapid"]
[Site "Sevastopol"]
[Date "2021.08.26"]
[Round "5"]
[White "Ivanov, Ivan1"]
[Black "Akulinkin, Vladimir"]
[Result "1/2-1/2"]
[WhiteElo "2008"]
[BlackElo "2175"]
[PlyCount "93"]
[EventDate "2021.08.26"]
[EventType "swiss (rapid)"]
[EventRounds "9"]
[EventCountry "UKR"]
[SourceTitle "CBM 204 Extra"]
[Source "ChessBase"]
[SourceDate "2021.11.30"]
[SourceVersion "1"]
[SourceVersionDate "2021.11.30"]
[SourceQuality "1"]

1. Nf3 Nf6 2. g3 c5 3. Bg2 Nc6 4. d4 cxd4 5. Nxd4 d5 6. 0-0 e5 7. Nxc6 bxc6 8. c4 Be7 9. Nc3 Be6 10. Bg5 e4 11. Qa4 0-0 12. Rfd1 Rb8 13. Qxc6 Rxb2 14. cxd5 Bd7 15. Qa6 h6 16. Be3 Ng4 17. Bd4 Bf6 18. Bxf6 Qxf6 19. Qxf6 Nxf6 20. Nxe4 Nxe4 21. Bxe4 Rxe2 22. Bf3 Rb2 23. Rdc1 Rc8 24. Rxc8+ Bxc8 25. Kg2 Rd2 26. Rc1 Bf5 27. a4 Bc2 28. a5 Kf8 29. d6 Ke8 30. Bc6+ Kd8 31. a6 Bf5 32. Rc5 Bc8 33. Bb7 Bd7 34. Rd5 Rxd5 35. Bxd5 f6 36. Bc4 Bc6+ 37. Kh3 Kd7 38. Kg4 Kxd6 39. Kf5 Be8 40. h4 Ke7 41. Bd5 g6+ 42. Ke4 Kd6 43. Bb7 Bd7 44. Kd4 g5 45. hxg5 hxg5 46. Ke4 Be6 47. f4 1/2-1/2

[Event "Sevastopol Waltz Rapid"]
[Site "Sevastopol"]
[Date "2021.08.26"]
[Round "3"]
[White "Zakhartsov, Vladimir"]
[Black "Akulinkin, Vladimir"]
[Result "1-0"]
[WhiteElo "2506"]
[BlackElo "2175"]
[PlyCount "51"]
[EventDate "2021.08.26"]
[EventType "swiss (rapid)"]
[EventRounds "9"]
[EventCountry "UKR"]
[SourceTitle "CBM 204 Extra"]
[Source "ChessBase"]
[SourceDate "2021.11.30"]
[SourceVersion "1"]
[SourceVersionDate "2021.11.30"]
[SourceQuality "1"]

1. d4 Nf6 2. c4 e6 3. Nc3 d5 4. cxd5 exd5 5. Bg5 Be7 6. e3 c6 7. Qc2 0-0 8. Bd3 Nbd7 9. Nf3 h6 10. Bf4 Nh5 11. 0-0 Nxf4 12. exf4 Bd6 13. Ne5 Nf6 14. Rfe1 c5 15. dxc5 Bxc5 16. Rad1 d4 17. Ne4 Be7 18. Bc4 Bb4 19. Rxd4 Qb6 20. Rd6 Bxd6 21. Nxf6+ gxf6 22. Qg6+ Kh8 23. Nxf7+ Rxf7 24. Re8+ Bf8 25. Rxf8+ Rxf8 26. Qxh6# 1-0